Statistics for Countries that look like the letters they begin with

Click here to take the quiz!

General Stats

  • This quiz has been taken 24 times
  • The average score is 2 of 6

Answer Stats

RankAnswerLetter% Correct
1Japanj
78%
4Israeli
67%
3Greeceg
33%
2CroatiaC
28%
6PeruP
17%
5United Arab EmiratesU
6%

Score Distribution

Percentile by Number Answered

Percent of People with Each Score

Your Score History

You have not taken this quiz